| 000 | 00375nam a2200145Ia 4500 | ||
|---|---|---|---|
| 008 | 230312s9999||||xx |||||||||||||| ||und|| | ||
| 020 | _a978-8120330276 | ||
| 082 |
_a658.84 _bAWA-E |
||
| 100 | _aAwad;Elias.M | ||
| 245 | 0 | _aElectronic Commerce from Vision to Fulfillment | |
| 260 |
_bPHI _aIndia _c2015 |
||
| 300 | _a555 | ||
| 650 |
_aEngineering _vElectronical |
||
| 942 | _cBK | ||
| 999 |
_c14104 _d14104 |
||